| 000 | 00964nas a2200313 4500 | ||
|---|---|---|---|
| 001 | BR2012005269 | ||
| 003 | BR-BrBNA | ||
| 005 | 20231205120851.0 | ||
| 007 | ta | ||
| 008 | 230509b bl.|||p| |||| 00| 00por d | ||
| 040 |
_aBR-BrBNA _bpor _cBiblioteca Nacional de Agricultura |
||
| 041 | _a(Pt) | ||
| 072 | _aF06; F01 | ||
| 100 | 1 | _aParizi, A.R.C. | |
| 100 | 1 | _aRobaina, A.D. | |
| 100 | 1 | _aGomes, A.C. dos S. | |
| 100 | 1 | _aSoares, F.C. | |
| 100 | 1 | _aRamão, C.J. | |
| 100 | 1 | _aPeiter, M.X. | |
| 100 | 1 | _aCalegaro, L. | |
| 245 | 1 | _aEfeito de diferentes estratégias de irrigação suplementar sobre a produção de grãos e seus componentes na cultura do milho | |
| 650 | _aZEA MAYS | ||
| 650 | _aPRODUTIVIDADE | ||
| 650 | _aEVAPOTRANSPIRAÇÃO | ||
| 650 | _aMANEJO DE ÁGUA | ||
| 773 | 0 |
_tIrriga (Brazil) _xISSN 1808-3765 _g(Jul-Sep 2009), v. 14(3) p. 254-267 _wBR2012005269 |
|
| 909 |
_a202311 _bLúcia _c55 _dLúcia Elande |
||
| 942 |
_2AGRIS _n0 _cANA |
||
| 999 |
_c220721 _d220721 |
||